000
00213nam a22000977a 4500
003
OSt
008
210119b ||||| |||| 00| 0 eng d
100
_a
Gandhi, M.K
_9
4546
245
_a
Varnashram dharma
942
_c
BK
999
_c
16709
_d
16709